[Event "Wuerttemberg-ch KT"]
[Site "Lauffen am Neckar"]
[Date "2011.09.04"]
[Round "9"]
[White "Werner, Bernd Michael"]
[Black "Franz, Michael"]
[Result "1/2-1/2"]
[WhiteElo "2138"]
[BlackElo "1943"]
[PlyCount "150"]
[EventDate "2011.08.26"]
[EventType "swiss"]
[EventRounds "9"]
[EventCountry "GER"]
[SourceTitle "EXT 2017"]
[Source "ChessBase"]
[SourceDate "2016.10.25"]
[SourceVersion "1"]
[SourceVersionDate "2016.10.25"]
[SourceQuality "1"]

1. c4 Nc6 2. Nc3 e5 3. g3 g6 4. Bg2 Bg7 5. Rb1 d6 6. e3 Nge7 7. b4 0-0 8. Nge2 Be6 9. d3 Qd7 10. b5 Nd8 11. Nd5 c6 12. Nxe7+ Qxe7 13. 0-0 cxb5 14. Rxb5 Bd7 15. Rb1 Bc6 16. Nc3 Bxg2 17. Kxg2 Qd7 18. Ba3 Ne6 19. Nb5 Nc5 20. d4 exd4 21. exd4 Ne4 22. f3 a6 23. fxe4 axb5 24. Qc1 bxc4 25. e5 Rfe8 26. Bxd6 Rxa2+ 27. Rb2 Rxb2+ 28. Qxb2 Bf8 29. Rf6 Rc8 30. Qc3 b5 31. Kg1 Qb7 32. Bxf8 Rxf8 33. Rf2 Ra8 34. h3 Qd5 35. Rd2 Ra4 36. Rc2 Qa8 37. Kh2 Ra1 38. d5 Ra3 39. Qb4 Rb3 40. Qc5 Qa3 41. Qc8+ Kg7 42. Qd8 Qf8 43. Qf6+ Kg8 44. Rf2 Qe8 45. Re2 c3 46. e6 Rb2 47. Rxb2 cxb2 48. Qxb2 fxe6 49. Qe5 Qd7 50. dxe6 Qe7 51. Kg2 b4 52. g4 b3 53. Qb8+ Kg7 54. Qxb3 Kf6 55. Kf3 Qxe6 56. g5+ Kf7 57. Qxe6+ Kxe6 58. Kf4 Kd5 59. h4 Ke6 60. Kg4 Ke5 61. h5 Ke4 62. hxg6 hxg6 63. Kh4 Kf4 64. Kh3 Kxg5 65. Kg3 Kf5 66. Kf3 g5 67. Kg3 g4 68. Kg2 Kf4 69. Kf2 g3+ 70. Kg1 Kf3 71. Kf1 Kg4 72. Kg2 Kh4 73. Kg1 Kh3 74. Kh1 g2+ 75. Kg1 Kg3 1/2-1/2

[Event "Wuerttemberg-ch KT"]
[Site "Lauffen am Neckar"]
[Date "2011.09.02"]
[Round "7"]
[White "Froehling, Herbert"]
[Black "Franz, Michael"]
[Result "1/2-1/2"]
[WhiteElo "1946"]
[BlackElo "1943"]
[PlyCount "65"]
[EventDate "2011.08.26"]
[EventType "swiss"]
[EventRounds "9"]
[EventCountry "GER"]
[SourceTitle "EXT 2017"]
[Source "ChessBase"]
[SourceDate "2016.10.25"]
[SourceVersion "1"]
[SourceVersionDate "2016.10.25"]
[SourceQuality "1"]

1. Nf3 Nf6 2. c4 e6 3. d4 b6 4. g3 Bb7 5. Bg2 c5 6. d5 exd5 7. Nh4 g6 8. 0-0 Bg7 9. Nc3 0-0 10. Bf4 Ne8 11. Qd2 Nc6 12. Bxd5 Nc7 13. Bg5 Qc8 14. Ne4 Ne6 15. Bf6 Bxf6 16. Nxf6+ Kg7 17. Nh5+ gxh5 18. Nf5+ Kh8 19. Qh6 Rg8 20. Bxe6 Rg6 21. Qxh5 dxe6 22. Nh4 Rg7 23. Rad1 Qc7 24. f4 Rd8 25. f5 Rxd1 26. Rxd1 Nd4 27. fxe6 Nxe6 28. Qh6 Qc6 29. Rd5 Qe8 30. Rd6 Rg6 31. Nxg6+ fxg6 32. Rxe6 Qxe6 33. Qf8+ 1/2-1/2

[Event "Wuerttemberg-ch KT"]
[Site "Lauffen am Neckar"]
[Date "2011.08.28"]
[Round "2"]
[White "Franz, Michael"]
[Black "Mayer, Alexander"]
[Result "0-1"]
[WhiteElo "1943"]
[BlackElo "1798"]
[PlyCount "80"]
[EventDate "2011.08.26"]
[EventType "swiss"]
[EventRounds "9"]
[EventCountry "GER"]
[SourceTitle "EXT 2017"]
[Source "ChessBase"]
[SourceDate "2016.10.25"]
[SourceVersion "1"]
[SourceVersionDate "2016.10.25"]
[SourceQuality "1"]

1. e4 c5 2. Nf3 Nc6 3. d4 cxd4 4. Nxd4 Nf6 5. Nc3 e6 6. a3 Bc5 7. Nb3 Bb6 8. Be2 d5 9. exd5 exd5 10. Bf3 Be6 11. 0-0 0-0 12. Ne2 Ne5 13. Ned4 Nxf3+ 14. Qxf3 Bg4 15. Qg3 Bc7 16. Bf4 Bxf4 17. Qxf4 Rc8 18. Rfe1 Bh5 19. c3 Re8 20. f3 Qb6 21. a4 Bg6 22. a5 Qa6 23. Rxe8+ Rxe8 24. Nc5 Nh5 25. Qd2 Qd6 26. Nxb7 Qc7 27. a6 Nf4 28. Re1 Rxe1+ 29. Qxe1 h6 30. b4 Nd3 31. Qe8+ Kh7 32. h3 Qxc3 33. Nb5 Qc1+ 34. Kh2 Qf4+ 35. Kg1 Nxb4 36. N5d6 Nxa6 37. Qe7 d4 38. Nd8 d3 39. N6xf7 d2 40. Qe2 Qd4+ 0-1

[Event "Wuerttemberg-ch KT"]
[Site "Lauffen am Neckar"]
[Date "2011.08.27"]
[Round "1"]
[White "Foerster, Bernhard"]
[Black "Franz, Michael"]
[Result "1-0"]
[WhiteElo "2129"]
[BlackElo "1943"]
[PlyCount "63"]
[EventDate "2011.08.26"]
[EventType "swiss"]
[EventRounds "9"]
[EventCountry "GER"]
[SourceTitle "EXT 2017"]
[Source "ChessBase"]
[SourceDate "2016.10.25"]
[SourceVersion "1"]
[SourceVersionDate "2016.10.25"]
[SourceQuality "1"]

1. c4 b6 2. Nc3 c5 3. Nf3 Bb7 4. e4 e6 5. d4 cxd4 6. Nxd4 d6 7. Be2 a6 8. 0-0 Qc7 9. Bg5 Nd7 10. Rc1 Ngf6 11. f3 Be7 12. Qd2 0-0 13. Kh1 Rfd8 14. Rfd1 Rac8 15. Be3 Qb8 16. Qe1 Re8 17. Qf2 Bd8 18. Nb3 Bc7 19. g3 Rcd8 20. Bf4 Ba8 21. g4 Nc5 22. Nd2 d5 23. Bxc7 Qxc7 24. g5 Nh5 25. exd5 exd5 26. cxd5 Qf4 27. Nf1 Re5 28. Rc2 Rxg5 29. Rcd2 Rd6 30. Rd4 Qf6 31. b4 Nf4 32. Qe3 1-0

[Event "Baden Wuerttemberg-chB"]
[Site "Illertissen"]
[Date "2005.09.01"]
[Round "6"]
[White "Seyrich, Maximilian"]
[Black "Franz, Michael"]
[Result "0-1"]
[WhiteElo "1872"]
[BlackElo "1894"]
[PlyCount "63"]
[EventDate "2005.08.27"]
[EventType "swiss"]
[EventRounds "9"]
[EventCountry "GER"]
[SourceTitle "CBM 108 Extra"]
[Source "ChessBase"]
[SourceDate "2005.11.04"]
[SourceVersion "1"]
[SourceVersionDate "2005.11.04"]
[SourceQuality "1"]

1. d4 d5 2. Nf3 Nc6 3. c4 Bg4 4. e3 e5 5. dxe5 d4 6. a3 f6 7. Be2 fxe5 8. Nxd4 Bxe2 9. Nxe2 Qxd1+ 10. Kxd1 0-0-0+ 11. Kc2 Nf6 12. Nbc3 e4 13. Ng3 Re8 14. b3 h5 15. h4 Bd6 16. Nf5 Be5 17. Rd1 g6 18. Nd4 Na5 19. Bb2 Rhf8 20. f3 Bg3 21. Nxe4 Nxe4 22. fxe4 Rf2+ 23. Kc3 c5 24. Nf3 Rxe4 25. Rd3 Rxg2 26. Rg1 Be5+ 27. Nxe5 Rxg1 28. Nf7 Rxh4 29. e4 Nc6 30. e5 Rhg4 31. Nd6+ Kb8 32. Kc2 0-1

[Event "Baden Wuerttemberg-chB"]
[Site "Illertissen"]
[Date "2005.08.30"]
[Round "4"]
[White "Ruehl, Volker"]
[Black "Franz, Michael"]
[Result "0-1"]
[WhiteElo "1956"]
[BlackElo "1894"]
[PlyCount "54"]
[EventDate "2005.08.27"]
[EventType "swiss"]
[EventRounds "9"]
[EventCountry "GER"]
[SourceTitle "CBM 108 Extra"]
[Source "ChessBase"]
[SourceDate "2005.11.04"]
[SourceVersion "1"]
[SourceVersionDate "2005.11.04"]
[SourceQuality "1"]

1. e4 c5 2. b4 cxb4 3. c4 e5 4. Nf3 Nc6 5. Bb2 Bc5 6. a3 Qb6 7. Qe2 Nd4 8. Nxd4 Bxd4 9. d3 bxa3 10. Bxd4 Qxd4 11. Rxa3 Ne7 12. Nc3 0-0 13. g3 d6 14. Bg2 Qc5 15. Qa2 Nc6 16. Nd5 Be6 17. 0-0 Bxd5 18. cxd5 Nd4 19. Ra5 b5 20. Bh3 Qc7 21. Ra1 Rfb8 22. Bg4 b4 23. Ra6 b3 24. Qb2 Qc2 25. Rb1 Qxd3 26. Rxd6 a5 27. Ra1 Qc2 0-1

[Event "Germany op"]
[Site "Germany"]
[Date "2004.05.20"]
[Round "1"]
[White "Gabriel, Alexander"]
[Black "Franz, Michael"]
[Result "0-1"]
[WhiteElo "1461"]
[BlackElo "1793"]
[PlyCount "106"]
[EventDate "2004.05.??"]
[EventType "swiss"]
[EventRounds "7"]
[EventCountry "GER"]
[SourceTitle "EXT 2005"]
[Source "ChessBase"]
[SourceDate "2004.11.15"]
[SourceVersion "1"]
[SourceVersionDate "2004.11.15"]
[SourceQuality "1"]

1. c4 Nc6 2. Nc3 e5 3. g3 g6 4. Bg2 Bg7 5. Nf3 d6 6. 0-0 Nge7 7. d3 0-0 8. Rb1 f5 9. b4 e4 10. Nxe4 fxe4 11. dxe4 Ne5 12. Nd2 Be6 13. Qc2 Qd7 14. Bb2 Bh3 15. f3 Bxg2 16. Kxg2 Qe6 17. a4 b6 18. f4 Nd7 19. Bxg7 Kxg7 20. Nf3 Nc6 21. Qc3+ Kg8 22. Qd3 a5 23. Ng5 Qe7 24. Qd5+ Kh8 25. Qxc6 h6 26. Nf3 axb4 27. Nd4 Nf6 28. f5 Qxe4+ 29. Qxe4 Nxe4 30. Rxb4 c5 31. Ne6 cxb4 32. Nxf8 Rxf8 33. Rb1 Rxf5 34. Rxb4 Rf2+ 35. Kg1 Rxe2 36. Rxb6 Rc2 37. Rc6 Ra2 38. Ra6 Kg7 39. a5 Kf7 40. Ra7+ Ke6 41. Rh7 h5 42. Rg7 Kf5 43. Ra7 Nd2 44. a6 Nxc4 45. Rc7 Nd2 46. a7 Nf3+ 47. Kf1 Nxh2+ 48. Kg1 Nf3+ 49. Kf1 Kg4 50. Rg7 Ne5 51. Rb7 Kxg3 52. Rb3+ Nf3 53. Rd3 Rf2# 0-1

[Event "Hohenloher op 10th"]
[Site "Forchtenberg"]
[Date "2003.06.22"]
[Round "7"]
[White "Goergen, Barbara"]
[Black "Franz, Michael"]
[Result "1-0"]
[WhiteElo "1526"]
[BlackElo "1829"]
[PlyCount "65"]
[EventDate "2003.06.19"]
[EventType "swiss"]
[EventRounds "7"]
[EventCountry "GER"]
[SourceTitle "EXT 2004"]
[Source "ChessBase"]
[SourceDate "2003.11.25"]
[SourceVersion "1"]
[SourceVersionDate "2003.11.25"]
[SourceQuality "1"]

1. e4 c5 2. c3 d5 3. exd5 Qxd5 4. d4 Nf6 5. Nf3 Bg4 6. Be2 e6 7. h3 Bh5 8. Be3 Nc6 9. 0-0 cxd4 10. cxd4 Be7 11. Nc3 Qd7 12. g4 Bg6 13. Ne5 Nxe5 14. dxe5 Qxd1 15. Raxd1 Ne4 16. Bb5+ Kf8 17. Nxe4 Bxe4 18. f4 a6 19. Ba4 Bd5 20. Bb3 Bc6 21. f5 Bb5 22. Rf2 Bh4 23. Rfd2 exf5 24. gxf5 Re8 25. Bc5+ Kg8 26. e6 fxe6 27. Bxe6+ Rxe6 28. fxe6 h6 29. e7 Kf7 30. Rd8 Re8 31. Rxe8 Kxe8 32. Rd8+ Kf7 33. Rf8+ 1-0

[Event "Hohenloher op 10th"]
[Site "Forchtenberg"]
[Date "2003.06.19"]
[Round "1"]
[White "Degenhardt, Horst"]
[Black "Franz, Michael"]
[Result "1-0"]
[WhiteElo "2302"]
[BlackElo "1829"]
[PlyCount "103"]
[EventDate "2003.06.19"]
[EventType "swiss"]
[EventRounds "7"]
[EventCountry "GER"]
[SourceTitle "EXT 2004"]
[Source "ChessBase"]
[SourceDate "2003.11.25"]
[SourceVersion "1"]
[SourceVersionDate "2003.11.25"]
[SourceQuality "1"]

1. e4 d5 2. exd5 Qxd5 3. Nc3 Qa5 4. g3 c6 5. Bg2 Nf6 6. Nge2 e5 7. 0-0 Bd6 8. d4 0-0 9. Bg5 Nbd7 10. Qd2 h6 11. dxe5 Bxe5 12. Bf4 Bxf4 13. Qxf4 Qe5 14. a4 Qxf4 15. Nxf4 a5 16. Nd3 Nb6 17. Nc5 Nfd7 18. N3e4 Nxc5 19. Nxc5 Rb8 20. Rfe1 Bf5 21. Be4 Bh3 22. Rad1 Rfe8 23. f3 h5 24. Kf2 Bc8 25. Bg6 Kf8 26. Rxe8+ Kxe8 27. Bxh5 Bf5 28. Rd2 Nd5 29. Re2+ Kf8 30. Re5 Bc8 31. Bg4 b6 32. Bxc8 bxc5 33. Bd7 f6 34. Re2 Rxb2 35. Bxc6 Nc3 36. Rd2 Ra2 37. Rd8+ Ke7 38. Rd7+ Ke6 39. h4 g6 40. Rd2 Ra1 41. Be8 Nxa4 42. Re2+ Kd6 43. Bxg6 Nc3 44. Re1 Rxe1 45. Kxe1 a4 46. Kd2 Nd5 47. Bf7 Ne7 48. h5 Nf5 49. Bg6 Nh6 50. Kc3 Kd5 51. Be4+ Ke5 52. Bc6 1-0

[Event "Hohenloher op 10th"]
[Site "Forchtenberg"]
[Date "2003.06.19"]
[Round "2"]
[White "Franz, Michael"]
[Black "Weber, Ralf Josef"]
[Result "0-1"]
[WhiteElo "1829"]
[BlackElo "1657"]
[PlyCount "91"]
[EventDate "2003.06.19"]
[EventType "swiss"]
[EventRounds "7"]
[EventCountry "GER"]
[SourceTitle "EXT 2004"]
[Source "ChessBase"]
[SourceDate "2003.11.25"]
[SourceVersion "1"]
[SourceVersionDate "2003.11.25"]
[SourceQuality "1"]

1. e4 e6 2. d3 c5 3. Nf3 d6 4. g3 g6 5. Bg2 Bg7 6. c3 Ne7 7. 0-0 0-0 8. Na3 Nbc6 9. Be3 h6 10. Nc2 Qc7 11. Nd2 b6 12. a4 Bb7 13. f4 f5 14. Nf3 Nd8 15. Nh4 Bf6 16. Qd2 Kh7 17. Rfe1 Nf7 18. exf5 exf5 19. Nf3 Rad8 20. Bf2 Nc6 21. Re6 Kg7 22. Rae1 Bc8 23. R6e2 Na5 24. h4 Bd7 25. Ng5 hxg5 26. hxg5 Rde8 27. gxf6+ Kxf6 28. Ne3 Kg7 29. Nd5 Qd8 30. c4 Rxe2 31. Rxe2 Kg8 32. Qc3 Nh6 33. b3 Ng4 34. Be1 Nc6 35. Bf3 Nd4 36. Bxg4 fxg4 37. Re7 Rf7 38. Rxf7 Kxf7 39. Kf2 Qh8 40. Kg2 Qh3+ 41. Kg1 Ne2+ 42. Kf2 Qh2+ 43. Kf1 Nxc3 44. Bxc3 Qh1+ 45. Kf2 Qf3+ 46. Kg1 0-1

[Event "Stuttgart-chB"]
[Site "Stuttgart"]
[Date "2003.??.??"]
[Round "?"]
[White "Nowak, Chris"]
[Black "Franz, Michael"]
[Result "0-1"]
[WhiteElo "1665"]
[BlackElo "1775"]
[PlyCount "130"]
[EventDate "2003.??.??"]
[EventType "swiss"]
[EventRounds "9"]
[EventCountry "GER"]
[SourceTitle "EXT 2007"]
[Source "ChessBase"]
[SourceDate "2006.11.23"]
[SourceVersion "1"]
[SourceVersionDate "2006.11.23"]
[SourceQuality "1"]

1. c4 Nc6 2. Nc3 e5 3. g3 g6 4. Bg2 Bg7 5. e3 Nge7 6. Nge2 0-0 7. 0-0 f5 8. d4 e4 9. a3 g5 10. b4 Ng6 11. Nd5 Nce7 12. f4 g4 13. Nec3 c6 14. Nxe7+ Qxe7 15. Bb2 Qf7 16. Qb3 b5 17. d5 bxc4 18. Qxc4 cxd5 19. Qb5 a6 20. Qe2 Bb7 21. Rfd1 Ne7 22. Bf1 d4 23. exd4 Nd5 24. Na4 d6 25. Rac1 Rac8 26. b5 axb5 27. Qxb5 Ne3 28. Re1 Nxf1 29. Rxf1 Rxc1 30. Rxc1 Rc8 31. Rxc8+ Bxc8 32. Nb6 Bb7 33. Nc4 Bf8 34. a4 Qd5 35. Qxd5+ Bxd5 36. Ne3 Be6 37. d5 Bc8 38. a5 Be7 39. Ba3 Bd8 40. a6 Bb6 41. Kf2 Bxa6 42. Bxd6 Bc4 43. Bc7 Bxc7 44. Nxc4 Kf7 45. Ke3 Bb8 46. Kd4 Ke7 47. Na5 Ba7+ 48. Ke5 e3 49. Nc6+ Kd7 50. Kxf5 e2 51. Ne5+ Kd6 52. Nd3 Kxd5 53. Kxg4 Ke4 54. Ne1 Bf2 55. Nc2 h5+ 56. Kxh5 Kd3 57. Nb4+ Kd2 58. f5 e1Q 59. Nd5 Qe8+ 60. Kh6 Qh8+ 61. Kg5 Qg8+ 62. Kh5 Qxd5 63. g4 Ke3 64. Kg6 Bh4 65. Kh5 Qd8 0-1